000 00792nam a22002057a 4500
999 _c180195
_d180195
005 20210728143556.0
010 _aB-740678-679
020 _a978818153489 (Pt.1)
_c240.00
020 _a9788181534996 (Pt.2)
_c240.00
035 _aB-740678-679
037 _bRainbow Books
082 _a030
245 _aRainbow children's concise knowledge bank /
_ccompiled and edited by Aakanksha
260 _aDelhi
_bRainbow Books
_c2018
270 _aF-32, Street No.12, Parwana Road, Jagat Puri,
_bDelhi
_e110051
300 _a2Pts.(104p.; 104p.):
_c25cm(Hb)
_bcol. ill.
700 _aAakanksha
942 _2ddc
_cCH
_mRAI
_h030